| 000 | nam a22 4500 | ||
|---|---|---|---|
| 999 |
_c29465 _d29465 |
||
| 008 | 171215b xxu||||| |||| 00| 0 eng d | ||
| 020 | _a9789966259912 | ||
| 100 | _aNgugi, Tee | ||
| 245 |
_aSeasons of love and despair / _cTee Ngugi |
||
| 260 |
_aNairobi : _bEast African Education Publishers, _c2015. |
||
| 300 |
_a117p. ; _c18 cm. |
||
| 942 |
_2lcc _cAFRICANA _04 |
||